Представление документа в формате RUSMARC

ПолеНазваниеЗначение
  Тип записи a
  Библиографический уровень a
001 Контрольный номер RU/CBS_UL/BASE/579023830
005 Дата корректировки 20240209175224.7
100 Данные общей обработки __
a Данные общей обработки 20180507d2018 ||| 0rusy0189 ca
101 Язык документа 0_
a Язык текста rus
102 Страна публикации __
a Страна публикации RU
105 Кодированные данные (монография) __
a Кодированные данные (монография) y###||||000|y
200 Заглавие и сведения об ответственности 1_
a Заглавие Заяц и черепаха
b Общее обозначение материала Текст
e Сведения, относящиеся к заглавию [корейская сказка]
300 Общие примечания __
a Общие примечания Ограничения по возрасту - 6+
461 Уровень набора _0
1 2000
a Детское чтение для сердца и разума
463 Уровень физической единицы _0
1 001RU/CBS_UL/BASE/579020787
1 2000
a № 4
v С. 43-48
1 210
d 2018
606 Тематические рубрики 0_
a Основная рубрика Корейская литература - 20 в.
610 Ключевые слова 0_
a Ключевые слова литература
610 Ключевые слова 0_
a Ключевые слова зарубежная литература
610 Ключевые слова 0_
a Ключевые слова корейская литература
610 Ключевые слова 0_
a Ключевые слова сказки
610 Ключевые слова 0_
a Ключевые слова корейские сказки
686 Индексы других классификаций __
a Классификационный индекс 84(5Кор)
2 Код системы ББК
801 Источник записи _0
a Страна RU
b Организация МБУК ЦБС г. Ульяновска
c Дата составления 20180507
g Правила каталогизации RCR
801 Источник записи _1
a Страна RU
b Организация МБУК ЦБС г. Ульяновска
c Дата составления 20180507
g Правила каталогизации RCR
901 Тип документа __
t Тип документа b
w Контрольный № источника RU/CBS_UL/BASE/579020787
910 Корректоры записи __
a Корректор записи Сидоркина
938 Служебная информация __
a Имя БД period